| 000 | 01326nam a22002897a 4500 | ||
|---|---|---|---|
| 003 | EG-ScBUE | ||
| 005 | 20211123104957.0 | ||
| 008 | 100726s1964 ua f b 000 0 ara d | ||
| 040 |
_aEG-ScBUE _bara _erda _cEG-ScBUE _dEG-ScBUE |
||
| 082 | 0 | 4 |
_a892.71509 _bس ر ا _222 |
| 100 | 1 |
_916829 _aسراج ، نادرة جميل، _eمؤلف. |
|
| 245 | 1 | 0 |
_aشعراء الرابطة القلمية : _bدراسات في شعر المهجر / _cدكتورة نادرة جميل سراج، ماجستير في الأدب العربي من جامعة القاهرة، دكتوراة في الآداب من جامعة كمبردج بإنجلترا. |
| 264 | 1 |
_aالقاهرة : _bدار المعارف، _c1964. |
|
| 300 |
_a387 صفحة ؛ _c24 سم |
||
| 336 |
_2rdacontent _aنص _btxt |
||
| 337 |
_2rdamedia _aبدون وسيط _bn |
||
| 338 |
_2rdacarrier _aمجلد _bnc |
||
| 490 | 0 |
_aمكتبة الدراسات الأدبية ؛ _v2 |
|
| 504 | _aيشتمل على إرجاعات ببليوجرافية. | ||
| 541 |
_aألف باء ؛ _cشراء ؛ |
||
| 650 | 7 |
_916560 _aالشعراء العرب _xتراجم. _2BUEsh |
|
| 650 | 7 |
_914745 _aالشعر العربي _xتاريخ _yالعصر الحديث. _2BUEsh |
|
| 651 | _2BUEsh | ||
| 653 |
_bARALIT _cNovember2021 |
||
| 655 |
_vReading book _934232 |
||
| 942 |
_2ddc _cBB |
||
| 999 |
_c14557 _d14557 |
||